Country or Not? - Statistics

General Stats
  • This quiz has been taken 80 times
  • The average score is 19 of 20
Answers on the Grid
Answers color-coded by a green-red scale on the quiz's grid according to % correct below.
Germany
Spain
Genovia
Elbonia
Vanuatu
Tonga
Aldovia
Latveria
Micronesia
Armenia
Cambodia
United States
Naboo
Wakanda
Syldavia
Bosnia and Herzegovina
Transylvania
Romania
Rwanda
Kazakhstan
Brekahstan
Nicaragua
Bhutan
Zamunda
Agrabah
Washington
Azmenistan
Transia
Genosha
Chad
Ethiopia
Liechtenstein
Grenada
Barbados
Cyprus
Jerusalem
Asmara
Roseau
Thimphu
Oregon
 
Answer Stats
Answer % Correct
Armenia
98%
Chad
98%
Germany
98%
Kazakhstan
98%
Cyprus
97%
Liechtenstein
97%
Rwanda
97%
United States
97%
Cambodia
95%
Ethiopia
95%
Barbados
94%
Bhutan
94%
Micronesia
94%
Nicaragua
94%
Romania
94%
Bosnia and Herzegovina
92%
Spain
92%
Vanuatu
92%
Tonga
91%
Grenada
89%
No matching quizzes found
Score Distribution
Percent of People with Each Score
Percentile by Number Answered
Your Score History
You have not taken this quiz